Bengkel penilaian pinjaman perumahan : 3 - 5 September 2018

Bibliographic Details
Corporate Authors: Bengkel penilaian pinjaman perumahan, INSPEN ( Institut Penilaian Negara )
Format: Book
Language:Malay
Subjects:

MARC

LEADER 00000cam a2200000 7i4500
001 0000028730
005 20200212.0
008 200212 my a may
040 |a INS   |b eng   |c INS   |e rda 
090 0 0 |a VO377 
110 1 |a Bengkel penilaian pinjaman perumahan ,   |d 2018 3 - 5 September   |c INSPEN, Bangi 
245 0 0 |a Bengkel penilaian pinjaman perumahan :   |b 3 - 5 September 2018   |c Anjuran Pusat Pembangunan Profesional, INSPEN 
264 0 |a Bangi :   |b Institut Penilaian Negara   |c 2018 
300 |a 1 volume (Various pagings) :   |b illustration, pictures ;   |c 30 cm. 
336 |a text  |2 rdacontent 
337 |a unmediated  |2 rdamedia 
338 |a volume  |2 rdacarrier 
650 0 |a Housing loans   |z Malaysia 
710 1 |a INSPEN ( Institut Penilaian Negara ) 
999 |a VO00001002   |b BOOK   |c Course Notes   |e Default branch